000 01245nam a22003014a 4500
001 ebr10103563
003 CaPaEBR
006 m u
007 cr cn|||||||||
008 030613s2004 enka sb 001 0 eng
010 _z 2003013539
020 _z0195094328 (acid-free paper)
040 _aCaPaEBR
_cCaPaEBR
035 _a(OCoLC)62335902
050 1 4 _aQD541
_b. F39 2004eb
082 0 4 _a541.3/4
_221
100 1 _aFawcett, W. Ronald.
245 1 0 _aLiquids, solutions, and interfaces
_h[electronic resource] :
_bfrom classical macroscopic descriptions to modern microscopic details /
_cW. Ronald Fawcett.
260 _aOxford ;
_aNew York :
_bOxford University Press,
_c2004.
300 _axvi, 621 p. :
_bill.
504 _aIncludes bibliographical references and index.
533 _aElectronic reproduction.
_bPalo Alto, Calif. :
_cebrary,
_d2013.
_nAvailable via World Wide Web.
_nAccess may be limited to ebrary affiliated libraries.
650 0 _aSolution (Chemistry)
650 0 _aInterfaces (Physical sciences)
655 7 _aElectronic books.
_2local
710 2 _aebrary, Inc.
856 4 0 _uhttp://site.ebrary.com/lib/rucke/Doc?id=10103563
_zAn electronic book accessible through the World Wide Web; click to view
999 _c102018
_d102018